[Event "Titled Tuesday intern op 06th July"]
[Site "Chess.com INT"]
[Date "2021.07.06"]
[Round "6"]
[White "Bryant, Jehron"]
[Black "Gasanov, Zaur"]
[Result "1-0"]
[WhiteElo "2099"]
[BlackElo "2231"]
[PlyCount "113"]
[EventDate "2021.07.06"]
[EventType "swiss (blitz)"]
[EventRounds "11"]
[EventCountry "USA"]
[SourceTitle "EXT 2022"]
[Source "ChessBase"]
[SourceDate "2021.10.06"]
[SourceVersion "1"]
[SourceVersionDate "2021.10.06"]
[SourceQuality "1"]

1. e4 c6 2. d4 d5 3. exd5 cxd5 4. Bd3 Nc6 5. c3 Qc7 6. h3 g6 7. Nf3 Bf5 8. 0-0 Bxd3 9. Qxd3 Bg7 10. Na3 a6 11. Re1 e6 12. Nc2 Nge7 13. Bg5 0-0 14. Bh4 Nf5 15. Bg5 b5 16. Rac1 a5 17. b3 Rfb8 18. Ne5 Nxe5 19. dxe5 Bxe5 20. g4 Ng7 21. Nd4 Bf4 22. Bxf4 Qxf4 23. Nxb5 h5 24. Qd4 Qg5 25. Nc7 hxg4 26. hxg4 Nf5 27. Qe5 Qxg4+ 28. Kf1 Ra7 29. Nxd5 Qh3+ 30. Ke2 Rd8 31. Nf6+ Kf8 32. Rcd1 Raa8 33. Rh1 Qg2 34. Rh8+ Ke7 35. Rhxd8 Rxd8 36. Qc7+ Kxf6 37. Qxd8+ Kg7 38. Qd3 a4 39. Qf3 Qg5 40. bxa4 Nh4 41. Qe3 Qg4+ 42. Kd2 Nf3+ 43. Kc2 Qxa4+ 44. Kc1 Nh4 45. Qd4+ Qxd4 46. Rxd4 Nf3 47. Rb4 Ne5 48. a4 Nd3+ 49. Kc2 Nxb4+ 50. cxb4 f5 51. a5 g5 52. a6 g4 53. a7 g3 54. a8Q gxf2 55. Qg2+ Kf6 56. Qxf2 e5 57. b5 1-0

[Event "Titled Tuesday intern op 06th July"]
[Site "Chess.com INT"]
[Date "2021.07.06"]
[Round "8"]
[White "Bryant, Jehron"]
[Black "Karttunen, Mika"]
[Result "0-1"]
[WhiteElo "2099"]
[BlackElo "2480"]
[PlyCount "132"]
[EventDate "2021.07.06"]
[EventType "swiss (blitz)"]
[EventRounds "11"]
[EventCountry "USA"]
[SourceTitle "EXT 2022"]
[Source "ChessBase"]
[SourceDate "2021.10.06"]
[SourceVersion "1"]
[SourceVersionDate "2021.10.06"]
[SourceQuality "1"]

1. e4 c5 2. Nf3 d6 3. d4 cxd4 4. Nxd4 Nf6 5. Nc3 a6 6. Be2 e5 7. Nb3 Be7 8. Be3 Be6 9. a4 Nbd7 10. a5 0-0 11. 0-0 Rc8 12. Qd3 Qc7 13. Rfc1 Nc5 14. Nxc5 dxc5 15. Nd5 Nxd5 16. exd5 Bd7 17. d6 Qxd6 18. Qxd6 Bxd6 19. Rd1 Rc6 20. Bf3 Rfc8 21. Bxc6 Rxc6 22. Rd2 Be8 23. Rad1 Be7 24. Rd5 f6 25. c3 Kf7 26. f3 Ke6 27. Kf1 Rc8 28. R5d2 Ba4 29. Ra1 Bb5+ 30. Kf2 f5 31. g3 g5 32. Re1 Kf7 33. Kg1 f4 34. Bf2 Ke6 35. b3 Bc6 36. Rde2 Bd6 37. Kg2 Kf6 38. c4 g4 39. Kg1 gxf3 40. Rd2 Ke6 41. gxf4 e4 42. Bg3 Be7 43. Kf2 h5 44. h4 Rg8 45. Rg1 Kf5 46. Kf1 e3 47. Rd3 e2+ 48. Kf2 Bf6 49. Rxf3 Bd4+ 50. Re3 Re8 51. Kxe2 Rxe3+ 52. Kd2 Rxb3 53. Rg2 Bxg2 54. Kc2 Ra3 55. Be1 Be4+ 56. Kd1 Ra2 57. Bd2 Bd3 58. Bc1 Re2 59. Bd2 Ke4 60. Kc1 Rf2 61. f5 Rxf5 62. Bg5 Rf1+ 63. Kd2 Rf2+ 64. Kd1 Bc3 65. Bd2 Rxd2+ 66. Kc1 Rc2+ 0-1

[Event "Titled Tuesday intern op 06th July"]
[Site "Chess.com INT"]
[Date "2021.07.06"]
[Round "10"]
[White "Grineva, Marianna"]
[Black "Bryant, Jehron"]
[Result "0-1"]
[WhiteElo "1996"]
[BlackElo "2099"]
[PlyCount "94"]
[EventDate "2021.07.06"]
[EventType "swiss (blitz)"]
[EventRounds "11"]
[EventCountry "USA"]
[SourceTitle "EXT 2022"]
[Source "ChessBase"]
[SourceDate "2021.10.06"]
[SourceVersion "1"]
[SourceVersionDate "2021.10.06"]
[SourceQuality "1"]

1. e4 c5 2. Nf3 e6 3. d4 cxd4 4. Nxd4 a6 5. Nc3 Qc7 6. Be3 Nf6 7. Bd3 Bb4 8. 0-0 Nc6 9. Na4 Ne5 10. c3 Neg4 11. g3 Nxe3 12. fxe3 Bd6 13. Qf3 h5 14. b4 Be5 15. Rac1 b6 16. Nb2 Bb7 17. Nc4 b5 18. Na5 d5 19. Nxb7 Qxb7 20. exd5 Qxd5 21. c4 Qxf3 22. Rxf3 bxc4 23. Rxc4 Bxd4 24. Rxd4 Ke7 25. Rf2 Rhd8 26. Rxd8 Kxd8 27. Rc2 Ra7 28. Kf2 Nd5 29. a3 Kd7 30. Ke2 Kd6 31. e4 Nf6 32. Ke3 Nd7 33. Be2 Ke7 34. Rd2 Rc7 35. Bxa6 Ne5 36. Be2 f6 37. a4 Rc3+ 38. Kd4 Rb3 39. b5 Rb4+ 40. Kc5 Rxa4 41. b6 Ra1 42. b7 Rc1+ 43. Kb6 Rb1+ 44. Ka7 Ra1+ 45. Kb8 Nd7+ 46. Kc7 Rc1+ 47. Bc4 Rxc4# 0-1

[Event "Titled Tuesday intern op 06th July"]
[Site "Chess.com INT"]
[Date "2021.07.06"]
[Round "3"]
[White "Mohammad Fahad, Rahman"]
[Black "Bryant, Jehron"]
[Result "1-0"]
[WhiteElo "2339"]
[BlackElo "2099"]
[PlyCount "103"]
[EventDate "2021.07.06"]
[EventType "swiss (blitz)"]
[EventRounds "11"]
[EventCountry "USA"]
[SourceTitle "EXT 2022"]
[Source "ChessBase"]
[SourceDate "2021.10.06"]
[SourceVersion "1"]
[SourceVersionDate "2021.10.06"]
[SourceQuality "1"]

1. c4 e6 2. Nc3 d5 3. d4 Nf6 4. Nf3 Be7 5. Bg5 0-0 6. e3 h6 7. Bf4 a6 8. cxd5 exd5 9. Bd3 Bg4 10. 0-0 Nbd7 11. Qc2 Bxf3 12. gxf3 c5 13. Kh1 Kh8 14. Rg1 Rc8 15. dxc5 Nxc5 16. Bf5 Rc6 17. Rad1 Bd6 18. Nxd5 Bxf4 19. Nxf4 Qa5 20. Qb1 Qb4 21. a3 Qb3 22. Bc2 Qb5 23. b4 Na4 24. Bxa4 Qxa4 25. Qb2 Rc2 26. Qe5 Qc6 27. e4 Qc3 28. Qxc3 Rxc3 29. Rd3 Rfc8 30. Rgd1 g5 31. Ne2 Rc2 32. R1d2 Nh5 33. Kg2 Kg7 34. Kh3 b6 35. Kg4 Nf6+ 36. Kf5 a5 37. f4 axb4 38. axb4 Rxd2 39. Rxd2 gxf4 40. Rd6 Ne8 41. Rxb6 Rc4 42. Nxf4 Rd4 43. Nh5+ Kh7 44. f4 Rd1 45. e5 Rf1 46. Rb7 Ng7+ 47. Nxg7 Kxg7 48. e6 Kg8 49. Rxf7 Rb1 50. Rb7 Kf8 51. Kf6 Ke8 52. Rb8# 1-0

[Event "Titled Tuesday intern op 06th July"]
[Site "Chess.com INT"]
[Date "2021.07.06"]
[Round "7"]
[White "Novikov, Evgenij"]
[Black "Bryant, Jehron"]
[Result "1-0"]
[WhiteElo "2276"]
[BlackElo "2099"]
[PlyCount "105"]
[EventDate "2021.07.06"]
[EventType "swiss (blitz)"]
[EventRounds "11"]
[EventCountry "USA"]
[SourceTitle "EXT 2022"]
[Source "ChessBase"]
[SourceDate "2021.10.06"]
[SourceVersion "1"]
[SourceVersionDate "2021.10.06"]
[SourceQuality "1"]

1. e4 c5 2. Nf3 e6 3. d4 cxd4 4. c3 d5 5. exd5 exd5 6. Nxd4 Nf6 7. Be2 Bc5 8. 0-0 0-0 9. Nb3 Bd6 10. N1d2 Nc6 11. Nf3 h6 12. Be3 Bg4 13. h3 Bh5 14. Bc5 Re8 15. Re1 Ne4 16. Bxd6 Qxd6 17. Nfd4 Bg6 18. Bf3 a6 19. Nxc6 bxc6 20. c4 Rad8 21. cxd5 cxd5 22. Qd4 Qf6 23. Qxf6 Nxf6 24. Nd4 Be4 25. Be2 Rc8 26. Bxa6 Rb8 27. b3 Rb4 28. Rad1 Ra8 29. a3 Rxd4 30. Rxd4 Rxa6 31. a4 Bc2 32. Re3 Kf8 33. Rc3 Bf5 34. g4 Bd7 35. f3 Ke7 36. Kf2 Kd6 37. h4 Ne8 38. g5 Nc7 39. gxh6 gxh6 40. Rf4 Be6 41. Rf6 Ne8 42. Rxh6 Ke5 43. Rh8 Nd6 44. Re3+ Kd4 45. h5 Nf5 46. Re2 Rb6 47. h6 Rxb3 48. h7 Ne7 49. Rg8 Ng6 50. Rxg6 fxg6 51. h8Q+ Kc4 52. Rxe6 Rb2+ 53. Qxb2 1-0

[Event "Titled Tuesday intern op 06th July"]
[Site "Chess.com INT"]
[Date "2021.07.06"]
[Round "1"]
[White "Pakleza, Zbigniew"]
[Black "Bryant, Jehron"]
[Result "1-0"]
[WhiteElo "2501"]
[BlackElo "2099"]
[PlyCount "71"]
[EventDate "2021.07.06"]
[EventType "swiss (blitz)"]
[EventRounds "11"]
[EventCountry "USA"]
[SourceTitle "EXT 2022"]
[Source "ChessBase"]
[SourceDate "2021.10.06"]
[SourceVersion "1"]
[SourceVersionDate "2021.10.06"]
[SourceQuality "1"]

1. d4 e6 2. Nf3 Nf6 3. Bf4 d5 4. e3 Be7 5. Nbd2 Nbd7 6. h3 b6 7. Bd3 Bb7 8. 0-0 0-0 9. Qe2 a6 10. Bh2 c5 11. c3 Ne4 12. Rad1 cxd4 13. exd4 Ndf6 14. Nb3 Bd6 15. Ne5 Bc7 16. f3 Nd6 17. g4 Nd7 18. Nd2 b5 19. Nb3 Nc4 20. Nxd7 Qxd7 21. Nc5 Bxh2+ 22. Kxh2 Qc7+ 23. f4 Bc8 24. b3 Nd6 25. Qe5 Re8 26. Rde1 Ra7 27. Qh5 g6 28. Qe5 Qe7 29. g5 Nf5 30. Bxf5 exf5 31. Qxd5 Qxe1 32. Rxe1 Rxe1 33. Qd8+ Kg7 34. Nd3 Re2+ 35. Kg1 Rae7 36. Ne5 1-0

[Event "Queens-ch"]
[Site "Jamaica"]
[Date "2006.10.20"]
[Round "3"]
[White "Bryant, Jehron"]
[Black "Fusto, John"]
[Result "1-0"]
[WhiteElo "1417"]
[BlackElo "1239"]
[PlyCount "85"]
[EventDate "2006.02.26"]
[EventType "swiss"]
[EventRounds "7"]
[EventCountry "USA"]
[SourceTitle "EXT 2008"]
[Source "ChessBase"]
[SourceDate "2007.11.25"]
[SourceVersion "1"]
[SourceVersionDate "2007.11.25"]
[SourceQuality "1"]

1. e4 c6 2. d4 d5 3. exd5 cxd5 4. Nf3 Bf5 5. Nc3 e6 6. Bf4 Bb4 7. Bd3 Bxd3 8. Qxd3 Nd7 9. 0-0 Ngf6 10. Ne2 0-0 11. c3 Ba5 12. b4 Bc7 13. Bg5 Rc8 14. h3 Bd6 15. Nd2 Qc7 16. Rac1 Nh5 17. Qf3 Nhf6 18. Rfe1 Rfe8 19. Ng3 h6 20. Be3 Nb6 21. Nh5 Qe7 22. Nxf6+ Qxf6 23. Qxf6 gxf6 24. Bxh6 Kh7 25. Be3 Nc4 26. Nxc4 Rxc4 27. Bd2 e5 28. dxe5 fxe5 29. Be3 b6 30. Red1 Rec8 31. Rxd5 Bxb4 32. Rxe5 Rxc3 33. Rxc3 Rxc3 34. Bd2 Rc4 35. Bxb4 Rxb4 36. Re7 Kg6 37. Rxa7 Rb5 38. f3 Ra5 39. Rxa5 bxa5 40. Kf2 Kf5 41. g3 Kg6 42. Ke3 Kh5 43. Kd4 1-0

[Event "Queens-ch"]
[Site "Jamaica"]
[Date "2006.10.13"]
[Round "2"]
[White "Bellon, Neal"]
[Black "Bryant, Jehron"]
[Result "1-0"]
[WhiteElo "1661"]
[BlackElo "1417"]
[PlyCount "153"]
[EventDate "2006.02.26"]
[EventType "swiss"]
[EventRounds "7"]
[EventCountry "USA"]
[SourceTitle "EXT 2008"]
[Source "ChessBase"]
[SourceDate "2007.11.25"]
[SourceVersion "1"]
[SourceVersionDate "2007.11.25"]
[SourceQuality "1"]

1. d4 e6 2. Nf3 f5 3. Bf4 Nf6 4. e3 d5 5. Bd3 c6 6. Nbd2 Be7 7. h3 0-0 8. 0-0 Nbd7 9. c4 Ne4 10. cxd5 cxd5 11. Qc2 Ndf6 12. Rac1 Bd7 13. Qc7 Bc6 14. Qxd8 Raxd8 15. Rc2 Nxd2 16. Rxd2 Ne4 17. Rc2 Bf6 18. Ne5 Bxe5 19. Bxe5 Ng5 20. Rfc1 Rd7 21. f3 Nf7 22. Bg3 Rc8 23. Bb5 Nd8 24. Bh4 a6 25. Bxa6 Ra8 26. Bd3 Rxa2 27. Bg3 Kf7 28. b4 Rxc2 29. Rxc2 Ba4 30. Ra2 b5 31. Bc2 Ra7 32. Bb8 Ra8 33. Bd6 Ra7 34. Bc5 Ra8 35. Bd3 Rb8 36. g4 g6 37. gxf5 gxf5 38. e4 fxe4 39. fxe4 Rb7 40. Rf2+ Ke8 41. exd5 Rg7+ 42. Kf1 exd5 43. Re2+ Kd7 44. Bf5+ Kc7 45. Bg4 Bb3 46. Re7+ Rxe7 47. Bxe7 Bc4+ 48. Kf2 Nc6 49. Bc5 Kd8 50. Ke3 Ne7 51. Kf4 Ng6+ 52. Kg5 Bd3 53. Be6 Be4 54. Bg8 Ne7 55. Bxe7+ Kxe7 56. Kh6 Kf8 57. Bxh7 Kf7 58. h4 Kf6 59. h5 Kf7 60. Bg6+ Kf6 61. Kh7 Kg5 62. Kg7 Bf5 63. Bxf5 Kxf5 64. h6 Ke4 65. h7 Kxd4 66. h8Q Kc4 67. Qc8+ Kxb4 68. Qc2 Ka3 69. Kf6 b4 70. Ke5 b3 71. Qb1 b2 72. Kxd5 Kb3 73. Kd4 Ka3 74. Kc3 Ka4 75. Qxb2 Ka5 76. Qb7 Ka4 77. Qb4# 1-0